Constituiȯ̂, trabalho e previdn̊cia desafios a superar na sociedade tecnolg̤ica /

Bibliographic Details
Main Author: C. Morais, Ocľio de Jess︢
Format: eBook
Language:Portuguese
Published: San Pablo: LTR, 2020
Subjects:
Online Access:Acceso restringido

MARC

LEADER 00000nam a22000007a 4500
005 20220218000121.0
007 cr|||| ||||
008 220218s2020 br |||||s|||| 00||0 por d
020 |a 978-65-5883-003-0 
035 |a 36125 
040 |a vLex 
090 |c 13034  |d 13034 
100 1 |a C. Morais, Ocľio de Jess︢ 
245 1 0 |a Constituiȯ̂, trabalho e previdn̊cia  |h [Recurso electrn̤ico] :  |b desafios a superar na sociedade tecnolg̤ica /  |c Ocľio de Jess︢ C. Morais 
256 |a Servicio en ln̕ea 
260 |a San Pablo:  |b LTR,  |c 2020 
300 |a 1 recurso electrn̤ico 
506 1 |a Disponible solo en los productos indicados  |d vLex Global  |d vLex Global (Academic Edition, excluding Law Schools)  |d vLex Global (U.S. Academic Edition, Law Schools)  |d vLex Global (U.S. Academic Edition, excluding Law Schools)  |d vLex Global (Academic Edition, Law Schools) 
650 0 4 |a Derecho Laboral y Seguridad Social  |z Brasil 
740 0 |a vLex Libros (Servicio en ln̕ea) 
856 4 0 |u https://app.vlex.com/#/sources/36125  |z Acceso restringido 
942 |c BOOK 
999 0 |a Labor law and social security